000 00297nam a22001337a 4500
008 170204b xxu||||| |||| 00| 0 eng d
020 _a9780827369696
041 _aeng
080 _a61
100 _a3
101 _aSHM
245 _aESSENTIALS OF HEALTH SERVICE
_cWILLIAMS, S.J
942 _2udc
_cBK
999 _c4571
_d4571